Search the Library Catalogue
| 000 -LEADER | |
|---|---|
| fixed length control field | 01666nam a2200193 a 4500 |
| 008 - FIXED-LENGTH DATA ELEMENTS--GENERAL INFORMATION | |
| fixed length control field | 260227s2026##################000#0#eng## |
| 020 ## - INTERNATIONAL STANDARD BOOK NUMBER | |
| ISBN | 9780521881029 |
| Paper back/Hardbound | hbk |
| 041 ## - LANGUAGE CODE | |
| Language code of text/sound track or separate title | eng |
| 082 04 - DEWEY DECIMAL CLASSIFICATION NUMBER | |
| Classification number | 324.9 |
| Item number | DUC |
| 100 ## - MAIN ENTRY--AUTHOR NAME | |
| Personal name | Duch, Raymond M. |
| 245 10 - TITLE STATEMENT | |
| Title | The Economic Vote: How Political and Economic Institutions Condition Election Results |
| Statement of responsibility, etc | / Raymond M. Duch, Randolph T. Stevenson |
| 260 ## - PUBLICATION, DISTRIBUTION, ETC. (IMPRINT) | |
| Name of publisher | Cambridge Univ Pr |
| Year of publication | 2008. |
| 300 ## - PHYSICAL DESCRIPTION | |
| Number of Pages | 399p,; |
| Dimensions | 20 cm. |
| 504 ## - BIBLIOGRAPHY, ETC. NOTE | |
| Bibliography, etc | Includes index |
| 520 ## - SUMMARY, ETC. | |
| Summary, etc | This book proposes a selection model for explaining cross-national variation in economic voting: Rational voters condition the economic vote on whether incumbents are responsible for economic outcomes, because this is the optimal way to identify and elect competent economic managers under conditions of uncertainty. This model explores how political and economic institutions alter the quality of the signal that the previous economy provides about the competence of candidates. The rational economic voter is also attentive to strategic cues regarding the responsibility of parties for economic outcomes and their electoral competitiveness. Theoretical propositions are derived, linking variation in economic and political institutions to variability in economic voting. The authors demonstrate that there is economic voting, and that it varies significantly across political contexts, and then test explanations for this variation derived from their theory. The data consist of 165 election studies conducted in 19 different countries over a 20-year time period. |
| 650 ## - SUBJECT ADDED ENTRY--TOPICAL TERM | |
| Topical Term | Political Economy of Institutions and Decisions |
| 942 ## - ADDED ENTRY ELEMENTS (KOHA) | |
| Koha item type | Reference |
| Withdrawn status | Lost status | Damaged status | Not for loan | Home library | Current library | Shelving location | Date acquired | Full call number | Accession Number | Price effective from | Koha item type |
|---|---|---|---|---|---|---|---|---|---|---|---|
| Anna Centenary Library | Anna Centenary Library | 3RD FLOOR, B WING | 27.02.2026 | 324.9 DUC | 244364 | 27.02.2026 | Reference |